| 000 | 00578nam a2200169Ia 4500 | ||
|---|---|---|---|
| 008 | 150609s9999 xx 000 0 und d | ||
| 050 |
_aP 92.P6 _b.G873 2015 |
||
| 100 | _aGurbuxani, Danile Jay. | ||
| 245 |
_aMedia representations of OFW mothers in Philippine mainstream films / _cDanile Jay Gurbuxani. |
||
| 260 |
_aLas PiƱas, Philippines : _bSISC, _c2015. |
||
| 300 |
_a73 pages : _c28 cm. |
||
| 500 | _aIncludes bibliographical references and appendices. | ||
| 650 | _aMass Media | ||
| 650 | _aMass Media | ||
| 650 | _xOverseas Filipino Worker | ||
| 650 | _xPhilippines | ||
| 999 |
_c285013 _d285013 |
||